00310 a2200097 4500001001000000005001700010008004100027245005700068100002000125773006700145ART_5111820260410161810.0260409a 10aEl síndico como integrante de los grupos de riesgo1 aDasso, Ariel G.0 tDoctrina Societaria y Concursalg- N°391 (jun. 2020)wREV4298